Pairs #38 (Literature Edition) - Statistics

General Stats
  • This quiz has been taken 143 times
  • The average score is 12 of 25
Answer Stats
Hint Extra Hint Explanation Answer % Correct
Of Mice novella Of Mice and Men, John Steinbeck’s 1937 novella about migrant farm workers, was later adapted for film, radio and television. Men
96%
Harry Potter novel Harry Potter and the Deathly Hallows, the seventh and final novel in J. K. Rowlings’ Harry Potter series, was published in 2007 and holds the Guinness World Record for the most novels sold within 24 hours of release. The novel was adapted for film in two parts in 2010 and 2011. the Deathly Hallows
94%
Hamlet characters Hamlet and Ophelia. The title character and prince of Denmark in William Shakespeare’s Hamlet, and his love interest — the noblewoman Ophelia. Ophelia
93%
Jack nursery rhyme, characters Jack and Jill. Nursery rhyme characters who suffered traumatic injuries in a tragic water fetching incident. Jill
88%
Isis characters Isis and Osiris. In ancient Egyptian mythology, Osiris was the god of the dead. Isis, a mother goddess, was both Osiris’s sister and wife. Osiris
81%
Mary characters Mary and Joseph. In the Bible, the mother and earthly father of Christ. Joseph
75%
Dick characters Dick and Jane were the older siblings in a fictional family that included younger sister Sally, “Father” and “Mother,” their dog (Spot), their cat (Puff), and a stuffed bear called “Tim.” The family appeared in stories in the Elson-Gray Basic Readers series (1930-1940) and other series published by Scott Foresman and Company through 1965, serving as an early reading experience for countless children. Dick, Jane and Sally were renamed to John, Jean and Judy in the Catholic school editions of the books (Cathedral Basic Readers series). In Canada, British English versions were published, as well as French language editions of lower grade readers — in which Dick, Jane and Sally became Paul, Jeanne and Lise. Jane
72%
Charlie children’s book Charlie and the Great Glass Elevator, a 1972 children’s book by Roald Dahl, and the sequel to Charlie and the Chocolate Factory. the Great Glass Elevator
71%
The Lion fable “The Lion and the Mouse,” a fable attributed to Æsop, teaches that mercy brings its reward. the Mouse
71%
Oberon characters Oberon and Titania. The king and queen of the fairies in William Shakespeare’s A Midsummer Night’s Dream. Titania
61%
Nick characters Nick and Nora Charles were witty spouses who solved murders in Dashiell Hammett’s last novel, The Thin Man (1934), and who subsequently became characters in a series of films (1934-1947). Nora Charles
43%
Ellert characters Ellert and Brammert. Legendary giants from Dutch folklore, who supposedly robbed travellers in Drenthe. Brammert
32%
Lord Peter Wimsey characters Wimsey was an amateur gentleman detective in a series of novels and short stories (1930-1988) by Dorothy L. Sayers. Harriet Vane was Wimsey’s sometime sidekick, and later became his wife. Harriet Vane
32%
The Hawk fable “The Hawk and the Nightingale,” an ancient Greek fable that began as a reflection on the arbitrary use of power and eventually shifted, through different versions, to being a lesson in the wise use of resources. the Nightingale
32%
Grijpstra series of novels Grijpstra and de Gier, a series of fourteen novels (1975-1997) about a pair of detectives in the Murder Brigade of the Amsterdam Municipal Police, written by Janwillem van de Wetering. de Gier
29%
The Devil fairy tale “The Devil and his Grandmother,” sometimes called “The Dragon and His Grandmother,” is a German fairy tale collected by the Brothers Grimm. His Grandmother
28%
Frank characters Teen sleuths Frank and Joe Hardy originated in The Hardy Boys Mystery Stories series (1927-2004), later branching out into several other juvenile mystery series, as well as a franchise that included television series and comic books. Joe Hardy
25%
The Firebird fairy tale “The Firebird and Princess Vasilisa” is a Russian fairy tale collected by Alexander Afanasyev in Narodnyye russkiye skazki (Russian Folk Tales). Princess Vasilisa
25%
The Eagle fable In “The Eagle and the Fox,” a fable attributed to Æsop, an eagle seizes a fox’s cubs to feed its own young. Various versions of the fable exist, with alternative endings and differing morals. the Fox
25%
The Goblin fairy tale “The Goblin and the Grocer” was a fairy tale published in Andrew Lang’s The Pink Fairy Book (1897), based on an 1852 story by Hans Christian Andersen. the Grocer
23%
Layla story Layla and Majnun is an Arabic story (later passed into Persian, Turkish and Indian languages) about the unrequited love of Qays ibn al-Mulawwah for Layla al-Aamiriya. Qays’ obsession with Layla leads his neighbors to refer to him as “majnun” (possessed or demented). Majnun
19%
Khosrow epic poem Khosrow and Shirin is an epic Persian tragic romance by poet Nizami Ganjavi (c. 1141-1209) and is a fictionalized version of the love of Sasanian king Khosrow II for Shirin, a Christian. Shirin
17%
Fafhrd characters Seven-foot tall Fafhrd and the five-foot tall Gray Mouser are a pair of sword-and-sorcery heroes who appeared in stories, novellas and novels by Fritz Leiber, beginning in 1936. the Gray Mouser
14%
Mary Ventura short story “Mary Ventura and the Ninth Kingdom.” A short story written by Sylvia Plath at the age of 20 and published posthumously in 2019. the Ninth Kingdom
13%
The Farmer fable The Farmer and the Viper, a fable attributed to Æsop, teaches that kindness to evil will be met by betrayal. the Viper
7%
No matching quizzes found
Score Distribution
Percent of People with Each Score
Percentile by Number Answered
Your Score History
You have not taken this quiz